000 00698nam a2200229 a 4500
999 _c1506
_d1506
007 ta
008 200107t1978 xxkab||g ||||i00| 0 eng d
040 _aKO
_beng
041 0 _aeng
044 _axxk
082 0 4 _223
_a387.54042
_bIn858
110 _aInter-Governmental Maritime Consultative Organization
245 1 0 _aShips' Routeing /
_cInter-Governmental Maritime Consultative Organization
250 _a4th ed.
260 _aLondon :
_bInter-Governmental Maritime Consultative Organization ,
_c1978.
300 _avarious pagination :
_bill., maps ;
_c30 cm
650 0 _aRule of the road at sea
650 0 _aNavigation
_xSafety measures
904 _aA_BOSE
942 _cBK